Catalog

Record Details

Catalog Search



Carly : Pony Girls  Cover Image Book Book

Carly : Pony Girls / by Lisa Mullarkey ; illustrated by Paula Franco.

Mullarkey, Lisa,: (author.). Franco, Paula, (illustrator.).

Summary:

The Pony Girls are ready for their first summer at Storm Cliff Stables! Horses, swimming, camp life, and most important, friendships. Carly's always getting in trouble. But when she finds an injured garter snake, she's sure she's responsible enough to care for it. Will keeping her wild pet a secret get her in the biggest trouble of all?

Record details

  • ISBN: 9781624021275
  • ISBN: 1624021271
  • Physical Description: 112 pages : illustrations ; 21 cm.
  • Publisher: Minneapolis, Minnesota : Calico, an imprint of Magic Wagon, 2016
Subject: Riding schools > Juvenile fiction.
Camps > Juvenile fiction.
Garter snakes > Juvenile fiction.
Horses > Juvenile fiction.
Secrecy > Juvenile fiction.
Responsibility > Juvenile fiction.
Friendship > Juvenile fiction.
Genre: Juvenile works.

Available copies

  • 1 of 1 copy available at scottsboropl.

Holds

  • 0 current holds with 1 total copy.
Show Only Available Copies
Location Call Number / Copy Notes Barcode Shelving Location Status Due Date
scottsboropl BC Mul 32269001191512 Juvenile - Beginning Chapter Available -

LDR 01693nam a2200421 i 4500
001153566
003SBPL
00520200219123821.0
008150615s2016 mnua b 000 1 eng c
010 . ‡a 2015023272
020 . ‡a9781624021275 ‡q(hardback)
020 . ‡a1624021271 ‡q(hardbacl)
035 . ‡a(CONS)153566
035 . ‡a(CPomAG)LMN616071
05000. ‡aPZ7.M91148 ‡bCar 2016
08204. ‡a813.6 ‡aFic ‡223
1001 . ‡aMullarkey, Lisa,: ‡eauthor.
24510. ‡aCarly : ‡bPony Girls / ‡cby Lisa Mullarkey ; illustrated by Paula Franco.
264 1. ‡aMinneapolis, Minnesota : ‡bCalico, an imprint of Magic Wagon, ‡c2016
300 . ‡a112 pages : ‡billustrations ; ‡c21 cm.
336 . ‡atext ‡btxt ‡2rdacontent
337 . ‡aunmediated ‡bn ‡2rdamedia
338 . ‡avolume ‡bnc ‡2rdacarrier
4901 . ‡aPony Girls
520 . ‡aThe Pony Girls are ready for their first summer at Storm Cliff Stables! Horses, swimming, camp life, and most important, friendships. Carly's always getting in trouble. But when she finds an injured garter snake, she's sure she's responsible enough to care for it. Will keeping her wild pet a secret get her in the biggest trouble of all?
650 0. ‡aRiding schools ‡vJuvenile fiction.
650 0. ‡aCamps ‡vJuvenile fiction.
650 0. ‡aGarter snakes ‡vJuvenile fiction.
650 0. ‡aHorses ‡vJuvenile fiction.
650 0. ‡aSecrecy ‡vJuvenile fiction.
650 0. ‡aResponsibility ‡vJuvenile fiction.
650 0. ‡aFriendship ‡vJuvenile fiction.
655 7. ‡aJuvenile works. ‡2lcgft
7001 . ‡aFranco, Paula, ‡eillustrator.
8001 . ‡aMullarkey, Lisa. ‡tPony girls.
901 . ‡a153566 ‡bUnknown ‡c153566 ‡tbiblio

Additional Resources